000 00477nam a2200181Ia 4500
003 GCL
008 140319s9999 xx 000 0 eng d
040 _aGCL /
_cGCL
082 0 4 _a843
_bB M
100 1 _aBLONDIN, ANTOINE
245 1 0 _aMONSIEUR JABIS: OU L'ECOLE DU SOIR /
_cBLONDIN, ANTOINE
260 _a[S.N] :
_bFOLIO ،
_c1970
300 _a220 P
490 _aCOLLECTION FOLIO CLASSIQUE
_v0
650 0 4 _aLITERATURE
650 0 4 _aFRENCH LITERATURE
942 _2ddc
_cBK
999 _c21538
_d21538